[Event "Minneapolis HB Global op"]
[Site "Minneapolis"]
[Date "2005.05.20"]
[Round "5"]
[White "Sadvakasov, Darmen"]
[Black "Kiriakov, Petr"]
[Result "1/2-1/2"]
[WhiteElo "2605"]
[BlackElo "2565"]
[Annotator "Finkel,A"]
[PlyCount "60"]
[EventDate "2005.05.18"]
[EventType "swiss"]
[EventRounds "9"]
[EventCountry "USA"]
[SourceTitle "CBM 107"]
[Source "ChessBase"]
[SourceDate "2005.08.01"]
[SourceVersion "1"]
[SourceVersionDate "2005.08.01"]
[SourceQuality "1"]

1. e4 e6 2. d4 d5 3. Nc3 Nf6 4. Bg5 dxe4 5. Nxe4 Be7 6. Bxf6 gxf6 7. Nf3 f5 $5
8. Nc3 a6 9. Qd2 (9. g3 b5 10. Bg2 Bb7 11. O-O Qd6 (11... O-O 12. Re1 Bf6 13.
Qe2 Nc6 14. Rad1 Ne7 15. a3 Nd5 16. Nxd5 Bxd5 17. Ne5 $14 {Jovanovic,Z-Jakab,A/
Szombathely 2003}) 12. Ne5 Bxg2 13. Kxg2 O-O 14. Qf3 Ra7 15. Rad1 c5 16. Qe3 b4
17. Ne2 Nc6 18. Nxc6 Qxc6+ 19. d5 $14 {Timoshenko,G-Lupu,M/Bucharest 1993}) (9.
Qe2 b5 10. O-O-O b4 11. Na4 Qd5 12. c4 Qa5 13. b3 Bd7 14. Nc5 Bxc5 15. dxc5 Nc6
16. Ng5 Rd8 17. Nxf7 $11 Kxf7 18. Qh5+ Kg7 19. Qg5+ Kf7 {1/2-1/2 Grischuk,
A-Sakaev,K/Moscow 2002}) (9. g4 fxg4 10. Ne5 c5 11. d5 exd5 12. Qxd5 Qxd5 13.
Nxd5 Bd8 14. h3 $44 {1/2-1/2 Landa,K-Kiriakov,P/Sochi 2005}) 9... b5 10. O-O-O
(10. g3 Bb7 11. Bg2 Nd7 12. O-O Nf6 13. Ne5 Bxg2 14. Kxg2 b4 15. Ne2 Qd5+ 16.
f3 Rd8 $15 {Bartel,M-Kiriakov,P/playchess.com INT 2004}) 10... Bb7 11. Qe3 {
This move is a better try than 11.Kb1, which was played earlier.} (11. Kb1 $6
Bxf3 (11... Qd6 12. Qe3 b4 13. Na4 $5 Nd7 14. Nd2 Bc6 $17 {Zufic,M-Kovacevic,B/
Zadar 2002}) 12. gxf3 c6 13. Rg1 Nd7 14. Bd3 Nf6 15. Ne2 Qd6 16. Nf4 O-O-O 17.
Ne2 Nd5 18. c4 bxc4 19. Bxc4 Kd7 $15 {Melgosa,M-Kiriakov,P/Dos Hermanas 2004})
11... b4 (11... Nd7 $6 12. d5 $36) 12. Ne2 Qd5 (12... c5 $2 13. Nf4 cxd4 14.
Nxd4 Qa5 15. Ndxe6 $1 fxe6 16. Be2 $18 {[%csl Re6,Re8][%cal Ge2h5]}) 13. Kb1
Nd7 14. Nf4 Qe4 (14... Qd6 15. Bc4 $5 {intending to push d5 at all cost:} (15.
Be2 $5) 15... Nb6 16. Bb3 a5 (16... c5 $6 17. d5 $1 exd5 18. Ne5 (18. Rhe1 $5)
18... f6 19. Nc4 Nxc4 20. Bxc4 d4 21. Qd2 O-O-O 22. Rhe1 $36) 17. d5 $1 O-O-O
18. Ne5 Rhf8 19. c4 bxc3 20. Qxc3 Bf6 21. Rhe1 Qb4 $13 {with very unclear
position.}) 15. Qd2 Bd6 {Forcing White to forget about d5 for good.} 16. Nd3 a5
{[%csl Gb4]} 17. Be2 Rg8 18. Rhe1 (18. g3 $5) 18... O-O-O $6 {Declining the
invitation to enter thecomplications after 18...R:g2, even though it's
consequences are very unclear.} (18... Rxg2 $5 19. Ng5 (19. Rg1 Rxg1 20. Rxg1
O-O-O 21. Rg7 c5 22. Rxf7 cxd4 23. Rxh7 e5 $15) 19... Qh4 20. Bf3 Bxf3 21. Nxf3
Qg4 22. Nde5 (22. Nfe5 $6 Qxd4 23. Nxd7 Kxd7 24. Qe2 Kc8 25. Qf3 Qd5 $15) 22...
Nxe5 23. Nxe5 Qh4 24. Rg1 Rxg1 25. Rxg1 Qxh2 26. Nf3 $132) 19. Bf1 ({More
appealing looks} 19. Ng5 $5 Qxd4 20. Nxf7 Rdf8 21. Nxd6+ cxd6 22. Qh6 $1 Qf6
23. Qf4 $1 $36 {[%csl Ra5,Rd6][%cal Gf4c4,Gc4b5] and Black has to be very
careful to hold the balance.}) 19... Qc6 20. Qh6 $6 {Passing the initiative
into Black's hands.} (20. Nfe5 $5 Nxe5 21. Nxe5 Bxe5 22. Rxe5 Qd6 23. f4 $14)
20... Qb6 21. Qxh7 Bxf3 22. gxf3 Rdf8 $44 {[%csl Gf7]} 23. Qh6 (23. Ne5 $6 Nxe5
24. dxe5 Be7 25. Qh6 Qxf2 $132) 23... Rh8 24. Qe3 Nf6 (24... Rxh2 $5 25. f4 Nf6
26. Ne5 Nd5 27. Qb3 (27. Qf3 $2 Bxe5 28. fxe5 Nc3+ $1 $17) 27... Rxf2 28. Bc4
Bxe5 (28... Nxf4 $2 29. Qg3 $16) 29. fxe5 Rd8 $15) 25. h3 Nd5 26. Qe2 c6 (26...
Qxd4 $5 27. Ne5 Qb6 (27... Qxe5 28. Qa6+ $18) 28. Nxf7 Nc3+ 29. bxc3 bxc3+ 30.
Qb5 Qxb5+ 31. Bxb5 Rxf7 32. Bc4 $11) 27. Ka1 $5 {[%cal Gd3e5]} a4 28. Ne5 a3
29. Qa6+ (29. bxa3 $5) 29... Qxa6 30. Bxa6+ Kc7 $44 1/2-1/2

[Event "Pamplona 9899 9th"]
[Site "Pamplona"]
[Date "1998.12.31"]
[Round "5"]
[White "Sutovsky, Emil"]
[Black "Morozevich, Alexander"]
[Result "0-1"]
[WhiteElo "2575"]
[BlackElo "2625"]
[Annotator "Finkel,A"]
[PlyCount "52"]
[EventDate "1998.12.27"]
[EventType "tourn"]
[EventRounds "9"]
[EventCountry "ESP"]
[EventCategory "13"]
[SourceTitle "CBM 069"]
[Source "ChessBase"]
[SourceDate "1999.04.01"]
[SourceVersion "1"]
[SourceVersionDate "1999.04.01"]
[SourceQuality "1"]

1. e4 e6 2. d4 d5 3. Nc3 Nf6 4. Bg5 dxe4 5. Nxe4 Be7 6. Bxf6 gxf6 7. Nf3 a6 $5
{Morozevich is famous for his awkward opening repertouar!} (7... Nd7 8. Qd2 $6
(8. Bc4 c5 9. d5 Nb6 10. Bb5+ Bd7 11. Bxd7+ (11. Qe2 Bxb5 12. Qxb5+ Qd7 13.
Qxd7+ Kxd7 14. dxe6+ fxe6 $11 {Tseshkovsky,V-Bronstein,D/Moscow-4teams 1981 
(40)}) 11... Qxd7 12. dxe6 Qxd1+ 13. Rxd1 fxe6 14. O-O Kf7 15. b3 c4 $11 {
Wockenfuss,K-Bednarski,J/Hamburg op 1981}) (8. Bd3 c5 $5 9. O-O O-O 10. Qd2 f5
11. Nxc5 Nxc5 12. dxc5 Bf6 13. c3 Bd7 $44 {Rogers,I-Short,N/Novi Sad olm 1990 
(18)}) 8... f5 9. Ng3 h5 $5 10. h4 Bd6 11. Rh3 c6 12. Ng5 Nf6 13. Bc4 Nd5 $15 {
Euwe,M-Balla,Z/Bad Pistyan 1922/1/2-1/2 (50)}) (7... c6 $6 8. Qd2 f5 9. Ng3 b6
10. Bc4 Nd7 11. O-O-O Bb7 12. Rhe1 Nf6 13. Kb1 Qc7 14. Ne5 $16 {Kozma,J-Fichtl,
J/CSR-ch Prague 1953 (37)}) (7... Qd5 $6 8. Bd3 Nd7 9. O-O Nf8 10. c4 Qh5 11.
Qd2 Rg8 12. Ng3 Qg4 13. Rfe1 Bd7 14. Be4 $36 {Aronson,L-Khanov,K/URS-ch sf
1957/1-0 (49)}) 8. Qd2 (8. Bd3 Nd7 9. Qe2 c5 10. dxc5 Qa5+ 11. Qd2 Qxd2+ 12.
Nfxd2 Nxc5 13. Nxc5 Bxc5 $11 {Cohn,E-Swiderski,R/Wien 1908 (62)}) 8... b5 9.
Qh6 $6 {Too optimistic continuation.} Bb7 10. Bd3 Nd7 11. Ng3 ({Black has more
then sufficient compensation after} 11. Qg7 $6 Rf8 12. Qxh7 f5 13. Ned2 Nf6 14.
Qh3 Be4 $5 $44) 11... f5 12. Nh5 Bf8 13. Qe3 ({Also after} 13. Ng7+ Ke7 $6 (
13... Bxg7 14. Qxg7 Qf6 15. Qg3 (15. Qxf6 Nxf6 16. Be2 Rg8 17. g3 O-O-O 18. c3
$11) 15... O-O-O $15 {black keeps better chanses.}) 14. Qh4+ f6 15. Nh5 Bxf3
16. gxf3 $132) 13... Nf6 $15 14. Qe5 $4 {Quiet amazing blunder for a player of
such a level.It's rare occasion when after just 15 moves white gets lost
position!} Nxh5 $1 15. Qxh8 Bxf3 16. gxf3 Nf6 $1 {[%csl Rh8] The trap is
closed and white queen becomes a spectator of what it's black "colleague"
makes to white pieces!} 17. Rg1 (17. c3 Ke7 $1 (17... Qe7 18. Rg1 O-O-O 19. Rg8
Nxg8 20. Qxg8 Bh6 21. Qg3 (21. Qxh7 Qf6 $19) 21... c5 22. a4 cxd4 23. axb5 dxc3
24. Rxa6 cxb2 25. Qe5 Qb4+ 26. Kf1 b1=Q+ 27. Bxb1 Qxb1+ 28. Kg2 Rg8+ 29. Kh3
Qf1+ $19) 18. Rg1 Qd5 19. Rg8 Qxf3 20. Rd1 Bg7 21. Rxa8 Bxh8 22. Rxh8 Ng4 23.
Rd2 Qh1+ 24. Ke2 Qxh2 $19) 17... Qxd4 18. Rg8 Ke7 $1 $19 19. Kf1 Bg7 $1 20.
Qxg7 {The queen is saved,but the price that white had to pay was too high:he
is two pawns down,his king is unsafe,his bishop can't move-in other words the
gme is actually over.} (20. Rxa8 Bxh8 21. Rxh8 Ng4 $19) 20... Rxg8 21. Qh6 Qxb2
22. Re1 Qc3 23. Qh4 c5 {[%cal Gc5c4]} 24. Rd1 c4 25. Bxf5 Qxf3 $1 26. Qd4 Nd5
0-1

[Event "Czerniak Memorial 14th"]
[Site "Tel Aviv"]
[Date "1998.04.17"]
[Round "8"]
[White "Polgar, Sofia"]
[Black "Rabinovich, Alexander"]
[Result "0-1"]
[WhiteElo "2485"]
[BlackElo "2425"]
[Annotator "Finkel,A"]
[PlyCount "52"]
[EventDate "1998.04.09"]
[EventType "tourn"]
[EventRounds "9"]
[EventCountry "ISR"]
[EventCategory "9"]
[SourceTitle "CBM 065"]
[Source "ChessBase"]
[SourceDate "1998.08.06"]
[SourceVersion "1"]
[SourceVersionDate "1998.08.06"]
[SourceQuality "1"]

{[%mdl 11968]} 1. e4 e6 2. d4 d5 3. Nc3 Nf6 4. Bg5 dxe4 5. Nxe4 Be7 6. Bxf6
gxf6 7. Nf3 f5 8. Nc3 Bf6 9. Bd3 (9. Qd2 $5 O-O (9... Nd7 10. O-O-O O-O 11. g4
fxg4 12. Rg1 Bg7 13. Rxg4 f5 14. Rg3 $36 {[%cal Gf1c4,Gd1g1] Jovanovic,
S-Nishimura,H/Budapest FS03 IM 1996/1-0 (50)}) 10. g4 (10. O-O-O c5 11. d5 e5
12. h4 Bg7 13. Kb1 a6 14. d6 $14 {Timoshenko,G-Navrotescu,C/Caciulata 1992 (23)
}) 10... fxg4 11. Rg1 e5 12. O-O-O (12. Bd3 $5 Bg7 13. dxe5 Kh8 14. O-O-O f5
15. exf6 Qxf6 $13 {1/2-1/2 Gipslis,A-Chernin,A/Saint John op-2 1988}) 12...
exd4 13. Ne4 Bg7 14. Bc4 b5 15. Bxb5 Qd5 16. Qe2 $40 {Rodriguez,O-Fraguela Gil,
J/Lanzarote 1976 (20)}) (9. Bc4 Nc6 10. Bb5 (10. Ne2 O-O (10... Na5 $5 11. Bd3
c5 12. c3 cxd4 13. Nexd4 Nc6 14. Qe2 Nxd4 15. Nxd4 Bxd4 16. cxd4 Qa5+ $15 {
Kovalev,A-Luther,T/Wichern op 1993 (29)}) 11. c3 b6 12. Nf4 Bb7 13. Qe2 Ne7 14.
Nh5 {1/2-1/2 Marjanovic,S-Bareev,E/Tirnavia 1989}) 10... Qd6 11. Qd2 Bd7 12.
Qh6 Qe7 13. O-O-O O-O-O 14. Rhe1 Nb4 $11 {Rohde,M-Speelman,J/Lloyds Bank op
1984 (29)}) (9. Bb5+ Bd7 10. Qe2 O-O 11. Bxd7 Nxd7 12. O-O-O c6 13. Ne5 Bg7 14.
f4 Qe7 15. Rhg1 Rad8 16. g4 $36 {Moldovan,D-Lupu,M/Caciulata 1992/1-0 (50)})
9... O-O 10. Ne2 c5 11. Qd2 (11. c3 $5) 11... cxd4 12. g4 $5 Kh8 (12... Qd5 $6
13. gxf5 $1 Qxf3 14. Rg1+ Kh8 15. Qh6 Nd7 16. fxe6 $18) 13. gxf5 exf5 14. Rg1
Nc6 15. Qh6 Ne5 $1 (15... Nb4 $5 16. O-O-O $1 Nxa2+ 17. Kb1 Nb4 18. Nexd4 $16)
(15... Be6 $6 16. O-O-O $40 {[%cal Gg1g3,Ge2f4,Rf4h5,Rg3h3]} (16. Ng5 Bxg5 17.
Rxg5 Rg8 18. Rxg8+ Qxg8 19. Bxf5 Re8 20. Qf6+ Qg7 21. Qxg7+ Kxg7 22. Bxe6 Rxe6
23. Kd2 Rg6 24. Ng3 $11) (16. Rg3 Rg8 17. Nf4 $5 (17. Rh3 Rg7 18. O-O-O Nb4
$132) 17... Qa5+ 18. Kf1 Bg7 19. Qh5 $40 {[%cal Gf3g5]}) 16... Rg8 17. Rxg8+
Kxg8 18. Rg1+ Kh8 19. Ng5 $18) 16. Nxe5 Bxe5 $132 17. f4 $6 (17. O-O-O $5 Be6
18. f4 Qf6 $8 19. Qh5 Bc7 20. Rg5 h6 (20... Rg8 21. Bxf5 $14) 21. Rdg1 (21.
Bxf5 $2 Bxf4+ 22. Nxf4 Qxg5 23. Qxg5 hxg5 24. Bxe6 gxf4 $19) 21... Rg8 22. Kb1
Rad8 23. R1g3 $36 {[%cal Gg3h3]}) 17... Qd6 18. Qh4 (18. Qg5 $5) 18... Bf6 (
18... Bg7 19. O-O-O Bd7 $13) 19. Qh5 (19. Qh6 $5 Bd7 20. O-O-O {[%cal Rg1g7]}
Rg8 21. Rg3 Rg6 22. Qh5 Qd5 23. Rh3 h6 $13) 19... Bd7 20. Rg3 Rg8 21. Rh3 (21.
Qxf7 $6 Bh4 $17) 21... Rg7 22. O-O-O Re8 $15 {Black has managed to defend his
position and now it's time for an active counterplay.} 23. Qh6 (23. Kb1 $5 Re3
24. Rg3 Be6 25. Rdg1 Qd5 26. Nc1 Rg6 $17 {[%cal Ga7a5,Ga5a4,Gb7b5]}) 23... Re3
$1 24. Bxf5 $2 (24. Rh5 $5 Qe7 25. Ng3 Re1 $132) 24... Rxe2 25. Bxd7 d3 $1 $19
{Suddenly white is helpless against numerous threats.} 26. Ba4 (26. c3 Rc2+ 27.
Kb1 Rxb2+ 28. Kxb2 Qb4+ $19) 26... Qd4 {[%cal Gd4a4,Gd4b2]} 0-1

[Event "Lasker Memorial op"]
[Site "Barlinek"]
[Date "2001.07.17"]
[Round "2"]
[White "Voitsekhovsky, Stanislav"]
[Black "Schmidt, Wlodzimierz"]
[Result "1-0"]
[WhiteElo "2476"]
[BlackElo "2438"]
[Annotator "Finkel,A"]
[PlyCount "51"]
[EventDate "2001.07.19"]
[EventType "swiss"]
[EventRounds "10"]
[EventCountry "POL"]
[SourceTitle "CBM 085"]
[Source "ChessBase"]
[SourceDate "2001.11.13"]
[SourceVersion "1"]
[SourceVersionDate "2001.11.13"]
[SourceQuality "1"]

1. e4 e6 2. d4 d5 3. Nc3 Nf6 4. Bg5 dxe4 5. Nxe4 Nbd7 (5... Be7 6. Bxf6 Bxf6 7.
Nf3 Nd7 8. Bc4 O-O 9. Qe2 c5 10. O-O-O Qb6 11. Nxf6+ Nxf6 12. dxc5 Qxc5 13. Ne5
$14 {Magem Badals,J-Dizdar,G/Erevan olm 1996}) 6. Nf3 Be7 7. Nxf6+ Bxf6 {
7...Nxf6 - C10} 8. h4 {Der Survey ist aus weißer Sicht aufgebaut.} O-O (8... h6
9. Bxf6 Qxf6 10. Qd2 $14 {Die eingeschobenen Züge h4 und h6 begünstigen Weiß,
denn im Falle der kurzen schwarzen Rochade gibt es mit g2-g4-g5 einen klaren
und starken Plan.}) (8... c5 9. Qd2 $1 {Hier wurde auch 9.dxc5 gespielt.} cxd4
10. O-O-O $1 O-O 11. Nxd4 Nb6 12. Nf3 $1 Qxd2+ 13. Rxd2 Bd7 14. Bxf6 gxf6 15.
Be2 Rfc8 16. Rhd1 $14 {1-0 Cabrilo,G-Drasko,M/Jugoslavija 1992 (32)}) 9. Qd2 e5
{This move was considered as leading to the slightly worse postion, in which
however black has very good chanses to equalize. This game came to question
theoretical verdict.} 10. Bxf6 (10. dxe5 Nxe5 11. Qxd8 Nxf3+ $10) (10. O-O-O {
- 53/275}) (10. O-O-O e4 11. Bxf6 Nxf6 12. Ne5 Be6 13. Be2 (13. Kb1 $6 c5 $1
$10 14. Bc4 Qd6 15. Bxe6 Qxe6 16. Qc3 Rac8 17. Qb3 $10 {Anand,V-Kortchnoi,V/
Tilburg 1991/1/2-1/2 (63)}) 13... c5 14. dxc5 Qc7 15. Qc3 Rac8 16. c6 bxc6 17.
Ba6 Nd5 18. Qd4 Rb8 $15 {Labunskiy,D-Pushkov,N/Vladivostok 1994}) 10... Qxf6
11. O-O-O h6 (11... exd4 12. Qxd4 Qxd4 13. Rxd4 {Weiß hat nur einen winzigen
Vorteil, aber die einzigen Partien mit diesem Endspiel endeten beide 1-0. Weiß
hat nur einen winzigen Vorteil, aber die einzigen Partien mit diesem Endspiel
endeten beide 1-0.} (13. Nxd4 Nf6 14. Nb5 Bf5 15. Bd3 Bxd3 16. Rxd3 Rfc8 17.
Rhd1 Kf8 18. Rc3 c6 19. Nd6 Rc7 20. f3 Ne8 21. Ne4 Re7 22. Rcd3 f5 23. Nc5 {
1/2-1/2 Lutz,C-Kortschnoj,V/Ehrat mem (SUI vs GER match) 1999}) 13... Nf6 (
13... Re8 14. Bc4 Nb6 15. Re1 Bd7 16. Bb3 Rxe1+ 17. Nxe1 Kf8 18. Nd3 $14 {
Brodsky,M-Doroshkievich,V/Rostov op 1993}) 14. Bc4 $14 a6 15. Re1 b5 (15... b6
16. Re7 $16) 16. Bd5 Rb8 (16... Nxd5 17. Rxd5 Be6 18. Rc5 {>< Pc7}) 17. Bc6 Bb7
18. Bxb7 Rxb7 19. Re7 $16 {Morovic Fernandez,I-Nogueiras,J/Capablanca mem-A
1996}) (11... e4 12. Ng5 $16 {>< Pe4}) 12. Qe3 (12. Re1 exd4 13. Qxd4 Qxd4 14.
Nxd4 Nb6 15. Nb5 c6 16. Nd6 Rd8 17. Bd3 Kf8 18. Nxc8 Raxc8 19. Bf5 $11 {
Leko,P-Kortschnoj,V/Tilburg Fontys 1998}) (12. dxe5 Nxe5 13. Nxe5 Qxe5 14. Bc4
Qf6 15. Qd4 {1/2-1/2 Har-Zvi,R-Soffer,R/ISR-chT ASA Tel-Aviv-Hapoel P.T 1998})
12... exd4 13. Rxd4 Nb6 14. Bd3 $5 {This logical move appears to be a novelty.
It means that white isn't ready to sign a draw agreement yet! I guess he was
right since the game lasted 12 more moves!} (14. Qe5 Qxe5 {1/2-1/2 Morovic
Fernandez,I-Miles,A/Capablanca Elite 1997}) 14... c5 $6 (14... Be6 15. Qe4 g6
16. h5 (16. Qxb7 $5 c5 17. Re4 (17. Rd6 $2 Qf4+ $19) 17... Bd5 18. Qe7 $1 $14)
16... c5 17. Rd6 c4 18. Be2 $14) (14... Qe6 $1 15. Qe4 (15. Re1 $6 Qxa2 16. c3
$1 Qa5 $13 (16... Na4 $2 17. Rb4 c5 18. Qe4 $1 $18 {[%cal Gb4a4,Ge4h7,Ge4a4]}))
15... Qxe4 16. Bxe4 Rb8 17. Rhd1 $14) 15. Re4 Be6 16. Rf4 $1 Qe7 17. Ng5 hxg5 (
17... Nd5 18. Qe4 {[%cal Ge4h7]} g6 (18... Nf6 19. Rxf6 $18) 19. Nxe6 Qxe6 20.
Qxe6 fxe6 21. Rg4 $14) 18. Bh7+ $1 Kh8 (18... Kxh7 19. hxg5+ Kg8 (19... Kg6 20.
Qd3+ Kxg5 21. Qg3+ $18) 20. Rfh4 f6 21. g6 $18) 19. hxg5 Qxg5 20. Bf5+ Kg8 21.
Bxe6 $16 g6 $8 (21... Rae8 $2 22. Bxf7+ Rxf7 23. Qxe8+ Rf8 24. Qxf8#) 22. Kb1
$1 $18 {[%cal Gf4f7] Despite of material balance black is helpless,} Kg7 (22...
Qxg2 23. Rfh4 fxe6 24. Qxe6+ Rf7 25. Rh8+ Kg7 26. R1h7#) 23. Qc3+ $2 (23. Rxf7+
$1 $18) 23... f6 24. Qf3 {[%csl Rb7]} f5 25. Rfh4 Kf6 26. Bb3 {[%cal Gf3c3]}
1-0

[Event "Clarin GP final"]
[Site "Villa Gesell"]
[Date "1998.03.08"]
[Round "2"]
[White "Zarnicki, Pablo Adrian"]
[Black "Braga, Fernando Alberto"]
[Result "1/2-1/2"]
[WhiteElo "2515"]
[BlackElo "2465"]
[Annotator "Finkel,A"]
[PlyCount "58"]
[EventDate "1998.03.07"]
[EventType "tourn"]
[EventRounds "11"]
[EventCountry "ARG"]
[EventCategory "10"]
[SourceTitle "CBM 064"]
[Source "ChessBase"]
[SourceDate "1998.06.02"]
[SourceVersion "1"]
[SourceVersionDate "1998.06.02"]
[SourceQuality "1"]

1. e4 {Finkel,A} e6 2. d4 d5 3. Nc3 Nf6 4. Bg5 dxe4 5. Nxe4 Be7 6. Bxf6 gxf6 7.
Nf3 b6 8. Bc4 (8. g3 $5 {Finkel,A} Bb7 9. Qe2 Qd5 10. Ned2 Nc6 11. c3 O-O-O 12.
Bg2 Qh5 13. O-O e5 $132 {Heller,F-Andersson,U/Haninge/1989/ (18)}) 8... Bb7 9.
Qe2 c6 10. O-O-O Qc7 11. Kb1 (11. Rhe1 {Finkel,A} Nd7 12. Nc3 $5 {/\ 13.d5!?})
11... Nd7 12. Rhe1 O-O-O 13. Ba6 Bxa6 (13... Rhe8 $5 {Finkel,A} 14. Bxb7+ Kxb7
15. c4 $6 Nf8 16. Qc2 f5 17. Nc3 Bf6 18. Re3 Re7 $11 {[%csl Rd4] 0,5/Kortchnoj,
V-Andersson,U/Reykjavik/1988/ (25)}) 14. Qxa6+ Kb8 15. Qe2 (15. g3 {Finkel,A}
f5 (15... Rhg8 {Finkel,A} 16. Qe2 f5 17. Ned2 h5 (17... Bf6 18. Nc4 (18. c3 c5
19. Nc4 cxd4 20. Nxd4 Nc5 21. f3 a6 22. Ne3 b5 23. Nec2 Kb7 $13 {Christiansen,
L-Andersson,U/FIDE WCh KO, Groningen NED (1.5) 1997/1/2-1/2 (61)}) 18... Bh8 $5
19. Nfe5 Nf6 20. Rd3 Ka8 21. Red1 $14 {Ovetchkin,R-Volkov,S/Russian Cup Stage
1998/0-1 (67)}) (17... Rg4 $5 18. Nc4 Bf6 19. Ne3 Rgg8 20. Ng2 $5 Nf8 21. Nf4
Ng6 22. Nh5 Bh8 23. Qe3 $14 {Polgar,J-Pytel,K/Royan op 1988/0-1 (64)}) 18. Nc4
h4 19. Rd3 (19. Nfe5 $6 Nxe5 20. Nxe5 Bf6 21. Qf3 Bxe5 22. dxe5 Rd5 23. Rxd5
cxd5 24. Qd3 Rh8 $15 {0-1 Ravinsky,G-Chistiakov,A/Moscow sf 1955 (40)}) 19...
hxg3 20. hxg3 Rh8 21. a3 Bf6 22. Red1 b5 23. Ne3 $14 {Klovans,J-Chistiakov,A/
URS-ch35 Kharkov 1967/0-1 (51)}) 16. Ned2 Bf6 (16... h5 {Finkel,A} 17. Qe2 h4
18. Nc4 $5 hxg3 19. hxg3 Bf6 20. Rd3 b5 21. Ncd2 Nb6 22. Rc1 $1 $14 {Almasi,
Z-Andersson,U/Ubeda 1997 (81)}) 17. Qe2 c5 18. c3 $1 cxd4 (18... h5 {Finkel,A}
19. Nc4 h4 $6 20. d5 $1 exd5 21. Rxd5 hxg3 22. hxg3 f4 23. Nd6 $36) 19. cxd4 $1
{The only way to fight for the advantage.White takes controle over the square
e5,intending to put there the knight from f3.} Rc8 20. Rc1 Qb7 21. Nc4 Qd5 22.
Nfe5 $14 {Sokolov,A-Andersson,U/Bar 1997 (52)}) (15. a3 $5 {Finkel,A} Rhg8 16.
g3 f5 17. Ned2 h5 18. Qe2 h4 19. Nc4 hxg3 20. hxg3 f4 $5 $13 {Pritchett,C-Berg,
K/BL 1986 (39)}) 15... Rhe8 (15... Rhg8 $5 {Finkel,A}) (15... Rdg8 $5 {Finkel,A
} 16. g3 f5 17. Ned2 h5 18. Nc4 h4 19. Nfe5 Nxe5 20. Nxe5 Bf6 $11 {Kraut,
R-Knaak,R/BL 1996 (41)}) 16. c4 (16. a3 $5 {Finkel,A} Bf8 17. c4 h6 18. Nc3 f5
19. d5 $1 Bg7 20. Nd4 $14 Bxd4 21. Rxd4 Nf6 22. Qd2 cxd5 23. cxd5 e5 24. Rh4 h5
(24... Qc5 25. Rxh6 Nxd5 26. Nxd5 Rxd5 27. Qc2 $1 $16) 25. Qg5 Nxd5 26. Nxd5
Rxd5 27. Qxf5 $14 {Hellers,F-Andersson,U/Eksjo m 1993 (46)}) (16. c3 {Finkel,A}
Bf8 17. g3 h6 18. Ned2 Bg7 19. Nc4 f5 20. a4 $5 Nf6 21. Nfe5 Re7 $132 {
Christiansen,L-Andersson,U/FIDE WCh KO 1997/1/2-1/2 (64)}) (16. g3 {Finkel,A}
Nf8 17. c3 f5 18. Ned2 Ng6 19. Nc4 Bf6 {1/2-1/2 De la Riva,O-Magem Badals,J/
ch-ESP, Torrevieja 1997} (19... c5 $6 20. Rd2 cxd4 21. Nxd4 Rc8 22. Ne3 Qb7 23.
Nec2 a6 24. Red1 $14 {Leko,P-Andersson,U/It, Ubeda ESP 1997 (41)})) (16. Qe3 {
Finkel,A} f5 17. Neg5 Bxg5 18. Nxg5 Re7 19. Qh3 $6 Qf4 20. Nf3 Qg4 $1 $11 {
Isaev-Zueger/32nd Chess Olympiad, Yerevan 1996 (30)}) 16... Bb4 $5 {Logical
continuation:before transfering the bishop to g7 black puts white before
difficult choise where to put the rook from e1.} (16... Nf8 {Finkel,A} 17. g3
Ng6 18. Nc3 Bb4 19. Qc2 Re7 20. a3 Bxc3 21. Qxc3 Red7 $11 {Gallagher,J-Zueger,
B/Biel Credis 1996 (28)}) 17. Rh1 Bf8 18. Qc2 f5 19. Neg5 $6 {After this move
black siezes the initiative so better was} (19. Nc3 $5 Bg7 20. Rhe1 h6 21. Qa4
$13 {with complicated position.}) 19... f6 20. Nh3 (20. Nf7 $2 Rc8 21. Qd2 Re7
22. Nh6 f4 23. Ng4 h5 $19) 20... Bh6 {[%csl Rh3]} 21. g3 Nf8 22. Rhe1 Ng6 $15 {
White does'nt have any clear plan how to improve his position and he has to
wait for actions from black's side.} 23. Nhg1 {[%cal Gg1e2,Ge2c3] Transfering
the knight to c3.} Qc8 {[%cal Ge6e5]} 24. h4 Nh8 $5 25. Qa4 Nf7 26. d5 cxd5 (
26... exd5 $6 27. Rxe8 Rxe8 28. cxd5 cxd5 29. Nd4 $44) 27. cxd5 e5 28. Ne2 Nd6
29. Nc3 Qd7 $6 (29... f4 $1 30. gxf4 Qf5+ 31. Ka1 Qxf4 32. Qxf4 Bxf4 $15)
1/2-1/2